María Enriqueta y su obra /

María Enriqueta Camarillo Roa de Pereyra (Coatepec, Veracruz, 1869 - Distrito Federal, 1968) poetisa mexicana. En 1895 publicó sus primeros versos en un periódico de la capital y al año siguiente un cuento. Fue concertista y maestra de piano, instrumento para el que hizo algunas composiciones. Escri...

Descripció completa

Guardat en:
Dades bibliogràfiques
Autor principal: Dotor, Angel (autor)
Format: Llibre
Idioma:espanyol
Publicat: Madrid, España: Aguilar, 1943, c1943
Matèries:
Etiquetes: Afegir etiqueta
Sense etiquetes, Sigues el primer a etiquetar aquest registre!

MARC

LEADER 00000nam^a2200000^a^4500
001 000157825
005 20250521000000.0
009 20260310100552.889
037 |a Acervo ITESO - Biblioteca 
041 |a ESP 
082 |a 860. 97205  |b DOT 
100 |a Dotor, Angel  |e (autor) 
245 1 0 |a María Enriqueta y su obra /  |c A. Dotor. 
264 4 |a Madrid, España:  |b Aguilar,  |c 1943, c1943 
300 |a 360 p. 
336 |a texto  |b txt  |2 rdacontenido 
337 |a sin mediación  |b n  |2 rdamedio 
338 |a volumen  |b nc  |2 rdasoporte 
520 |a María Enriqueta Camarillo Roa de Pereyra (Coatepec, Veracruz, 1869 - Distrito Federal, 1968) poetisa mexicana. En 1895 publicó sus primeros versos en un periódico de la capital y al año siguiente un cuento. Fue concertista y maestra de piano, instrumento para el que hizo algunas composiciones. Escribió poesía: Las consecuencias de un sueño (1902); Rumores de mi huerto (1908); Rincones románticos (1922); Album sentimental (1926) entre otras. También escribió novela corta tal como: Mirlitón (1918); Jirón del mundo (1919); El secreto (1922). Cuento y novela corta: Sorpresas de la vida (1921); Entre el polvo de un castillo (1924); El misterio de su muerte (1926); Enigma y símbolo (1926); Lo irremediable (1927); La torre de seda (1927); Cuentecillos de cristal (1928) y El arca de colores (1929); memorias: Brujas, Lisboa, Madrid (1930) y Del tapiz de mi vida; y las antologías Rosas de la infancia, destinadas a los alumnos de enseñanza primaria. 
649 |a XX 
650 |a Escritores Mexicanos 
650 |a Mujeres Mexicanas 
650 |a Novela Mexicana -  |x Historia y Crítica 
650 |a Poesía Mexicana -  |x Historia y Crítica 
650 |a Literatura Mexicana -  |y Siglo XX 
650 |a Literatura Mexicana -  |x Historia y Crítica 
650 |a Literatura de Mujeres -  |z México 
650 |a Literatura de Mujeres -  |x Historia y Crítica 
910 |a Fondo Salvador Reynoso Reynoso 
920 |a Impresos - Libros 
930 |a Fondos Especiales 
940 |a Literatura 
905 |a 112 
901 |a 0800016332  |b IT2  |c ESP  |u 20250521 
902 |a https://opac.biblio.iteso.mx/vufind/Record/000157825